Score 0/8 Timer 01:30
9 Plays Today
% Correct
It was all very embarrassing.
79.3%
She seized the chance to talk to him.
79.2%
Joanne is very successful; she became a partner in her firm last year.
77.5%
I've found that boy's shoes.
72.5%
We planned to emigrate to France.
70.1%
Robin was incensed at the decision to cancel the project.
70%
You should've said!
66.2%
He did much good.
49.6%

Today's Daily Dose

Word Ladder
Manners?

Quick Pick
Bat and Ball

Get the Picture
Disney Villains VI

You're not logged in!

Compare scores with friends on all Sporcle quizzes.
OR
Log In

Sporcle TV

Today on Sporcle TV


Watch our educational content, quiz creation guides, and fun videos on Sporcle TV.

Show Comments

Extras

Top Quizzes Today


Score Distribution

Paid Content

Your Account Isn't Verified!

In order to create a playlist on Sporcle, you need to verify the email address you used during registration. Go to your Sporcle Settings to finish the process.

Report this User

Report this user for behavior that violates our Community Guidelines.

Details: